[Event "DEN-ch MA7 Gr3"]
[Site "Koge"]
[Date "2004.04.11"]
[Round "6"]
[White "Dahl Andersen, Henrik"]
[Black "Nielsen, Thomas"]
[Result "0-1"]
[WhiteElo "1902"]
[BlackElo "1889"]
[PlyCount "90"]
[EventDate "2004.04.06"]
[EventType "tourn"]
[EventRounds "7"]
[EventCountry "DEN"]
[SourceTitle "EXT 2023"]
[Source "ChessBase"]
[SourceDate "2022.10.05"]
[SourceVersion "1"]
[SourceVersionDate "2022.10.05"]
[SourceQuality "1"]

1. e4 c6 2. d4 d5 3. exd5 cxd5 4. c4 Nf6 5. Nc3 e6 6. Nf3 Nc6 7. c5 Be7 8. Bb5 0-0 9. 0-0 Bd7 10. Bg5 b6 11. Bxc6 Bxc6 12. Ne5 Rc8 13. b4 bxc5 14. bxc5 Qa5 15. Qd3 Rfe8 16. Rfe1 Nd7 17. Nxc6 Rxc6 18. Bxe7 Rxe7 19. Nxd5 Re8 20. Nc3 Nf6 21. Rab1 Rd8 22. Qc4 a6 23. h3 Rcc8 24. Re2 Rb8 25. Reb2 Rxb2 26. Rxb2 h6 27. Rb6 Ne4 28. Nxe4 Qe1+ 29. Kh2 Qxe4 30. Qxa6 Rxd4 31. Rb8+ Kh7 32. Rb3 Qf4+ 33. Rg3 Qxf2 34. c6 Rd1 35. Rf3 Qg1+ 36. Kg3 Qe1+ 37. Kh2 Qe5+ 38. Rg3 h5 39. h4 Qe1 40. Rh3 Qg1+ 41. Kg3 Qe3+ 42. Kh2 Qf4+ 43. Rg3 Qxh4+ 44. Rh3 Qf4+ 45. Rg3 h4 0-1

[Event "DEN-ch MA7 Gr3"]
[Site "Koge"]
[Date "2004.04.08"]
[Round "3"]
[White "Dahl Andersen, Henrik"]
[Black "Christiansen, Erling"]
[Result "0-1"]
[WhiteElo "1902"]
[BlackElo "1893"]
[PlyCount "72"]
[EventDate "2004.04.06"]
[EventType "tourn"]
[EventRounds "7"]
[EventCountry "DEN"]
[SourceTitle "EXT 2023"]
[Source "ChessBase"]
[SourceDate "2022.10.05"]
[SourceVersion "1"]
[SourceVersionDate "2022.10.05"]
[SourceQuality "1"]

1. e4 e5 2. Nf3 Nc6 3. Bb5 Nd4 4. Nxd4 exd4 5. 0-0 Bc5 6. d3 Ne7 7. f4 0-0 8. f5 f6 9. Qg4 Kh8 10. Nd2 c6 11. Ba4 d5 12. Nf3 dxe4 13. dxe4 Bd7 14. Kh1 Be8 15. Bf4 Bf7 16. e5 Nd5 17. Bd2 fxe5 18. Nxe5 Nf6 19. Qh4 Nd5 20. Bg5 Qd6 21. Rae1 Ne3 22. Nxf7+ Rxf7 23. Bxe3 dxe3 24. c3 Qe5 25. Bc2 Rf6 26. Qf4 Qe7 27. b4 Bb6 28. a4 a6 29. a5 Ba7 30. g4 Qd6 31. g5 Qxf4 32. Rxf4 Rff8 33. Re2 Rad8 34. Rg4 Kg8 35. Kg1 Rd2 36. Rgg2 Rxc2 0-1

[Event "DEN-ch MA7 Gr3"]
[Site "Koge"]
[Date "2004.04.07"]
[Round "2"]
[White "Steenstrup, Svend"]
[Black "Dahl Andersen, Henrik"]
[Result "1-0"]
[WhiteElo "1967"]
[BlackElo "1902"]
[PlyCount "67"]
[EventDate "2004.04.06"]
[EventType "tourn"]
[EventRounds "7"]
[EventCountry "DEN"]
[SourceTitle "EXT 2023"]
[Source "ChessBase"]
[SourceDate "2022.10.05"]
[SourceVersion "1"]
[SourceVersionDate "2022.10.05"]
[SourceQuality "1"]

1. e4 c5 2. Nf3 d6 3. d4 cxd4 4. Nxd4 Nf6 5. Nc3 a6 6. Bg5 e6 7. f4 Be7 8. Qf3 Qc7 9. 0-0-0 Nbd7 10. g4 b5 11. Bxf6 Nxf6 12. g5 Nd7 13. f5 Bxg5+ 14. Kb1 Ne5 15. Qh5 Qd8 16. Rg1 Bf6 17. fxe6 0-0 18. exf7+ Kh8 19. Nf5 g6 20. Rxg6 Nxg6 21. Rxd6 Bd7 22. Nd5 Rxf7 23. Bh3 Ra7 24. Nh6 Rf8 25. Bf5 Bg7 26. a3 Qh4 27. Bxg6 Qe1+ 28. Ka2 hxg6 29. Rxg6 Be8 30. Nf5+ Kg8 31. Nde7+ Rxe7 32. Nxe7+ Kf7 33. Rg1+ Kxe7 34. Qc5+ 1-0

[Event "DEN-ch MA7 Gr3"]
[Site "Koge"]
[Date "2004.04.06"]
[Round "1"]
[White "Dahl Andersen, Henrik"]
[Black "Vedelfort, Tommy"]
[Result "1-0"]
[WhiteElo "1902"]
[BlackElo "1907"]
[PlyCount "133"]
[EventDate "2004.04.06"]
[EventType "tourn"]
[EventRounds "7"]
[EventCountry "DEN"]
[SourceTitle "EXT 2023"]
[Source "ChessBase"]
[SourceDate "2022.10.05"]
[SourceVersion "1"]
[SourceVersionDate "2022.10.05"]
[SourceQuality "1"]

1. e4 e6 2. d4 d5 3. Nc3 Bb4 4. e5 c5 5. a3 Bxc3+ 6. bxc3 Qc7 7. Qg4 f5 8. Qg3 g6 9. Bd2 Bd7 10. Bd3 Ba4 11. h4 c4 12. Be2 Ne7 13. h5 Rg8 14. hxg6 hxg6 15. Nf3 Bxc2 16. Ng5 Kd7 17. Nh7 Kc6 18. Nf6 Rf8 19. Rh7 Qd8 20. Qh4 Na6 21. Rc1 Bb3 22. Bg5 Rh8 23. Kd2 Rxh7 24. Nxh7 Kd7 25. Rh1 Nb8 26. Nf6+ Kc7 27. Qh7 Nbc6 28. Rh6 Kb6 29. Qg7 Ka6 30. Rh7 Qa5 31. Nd7 Qxa3 32. Nc5+ Kb6 33. Bxe7 Qb2+ 34. Ke3 Qxc3+ 35. Kf4 Qxd4+ 36. Kg3 Qxe5+ 37. Qxe5 Nxe5 38. Nxe6 a5 39. Bc5+ Kb5 40. Rxb7+ Kc6 41. Rb6+ Kd7 42. Rd6+ Kc8 43. Rxd5 Nd7 44. Ba3 Ra6 45. Nc5 Ra7 46. Nxd7 Rxd7 47. Rxa5 Rd2 48. Bf3 Ra2 49. Rc5+ Kd7 50. Bb4 f4+ 51. Kxf4 Rxf2 52. Kg5 Bc2 53. Rxc4 Bf5 54. Kf6 Ra2 55. Rd4+ Kc7 56. Bd6+ Kd7 57. Be5+ Kc8 58. Rd6 Ra4 59. Rb6 Be4 60. Bg4+ Bf5 61. Bxf5+ gxf5 62. Kxf5 Kd7 63. g4 Ke7 64. Rb7+ Kf8 65. g5 Kg8 66. Rb8+ Kh7 67. Rh8# 1-0